[Event "?"]
[Site "?"]
[Date "????.??.??"]
[Round "?"]
[White "Strutinskaya, Galina N"]
[Black "Sloth, Jorn"]
[Result "1/2-1/2"]
[WhiteElo "2300"]
[BlackElo "2342"]
[PlyCount "146"]
[EventDate "2013.??.??"]
[WhiteTeam "Rußland Frauen"]
[BlackTeam "Dänemark 1"]

1. d4 Nf6 2. c4 e6 3. Nc3 Bb4 4. f3 c5 5. d5 d6 6. e4 O-O 7. Bd3 Re8 8. Nge2 a6
9. O-O exd5 10. exd5 Bxc3 11. Nxc3 h6 12. Bf4 Nh5 13. Bd2 Nd7 14. f4 Nhf6 15.
g4 Nf8 16. h3 b5 17. cxb5 Qb6 18. Kh2 Bb7 19. bxa6 Bxa6 20. Bxa6 Rxa6 21. g5
hxg5 22. fxg5 N6d7 23. b3 Ng6 24. Qg4 Nde5 25. Qg3 Qb4 26. Rf2 Qd4 27. Re1 Rb8
28. Re4 Qd3 29. Qxd3 Nxd3 30. Rfe2 Nge5 31. Kg3 Rb4 32. Na4 Rxe4 33. Rxe4 c4
34. Bc3 Kf8 35. h4 g6 36. Nb2 Nc5 37. Rxe5 dxe5 38. Bb4 c3 39. Bxc5+ Ke8 40.
Na4 Ra5 41. d6 c2 42. d7+ Kxd7 43. Be3 Ke6 44. Nc3 Kf5 45. a4 Ra8 46. b4 Rc8
47. Na2 Ke4 48. Kf2 c1=Q 49. Nxc1 Rc2+ 50. Ne2 Kd3 51. Bc5 Rxe2+ 52. Kg3 Ra2
53. a5 e4 54. Kf4 Ra4 55. Be3 Rxb4 56. a6 Ra4 57. a7 Ke2 58. Bd4 e3 59. Ke4 Kf2
60. Kd3 Ra3+ 61. Ke4 Ke2 62. Kf4 Ra4 63. Ke4 Kf2 64. Kd3 Kg3 65. Bxe3 Kxh4 66.
Kc3 Kg4 67. Kb3 Ra6 68. Kb4 Kg3 69. Kb5 Ra2 70. Bb6 Rxa7 71. Bxa7 Kf4 72. Kc4
Kxg5 73. Kd4 Kf4 1/2-1/2

[Event "?"]
[Site "?"]
[Date "????.??.??"]
[Round "?"]
[White "Kolbak, J."]
[Black "Fatalibekova, E."]
[Result "1/2-1/2"]
[WhiteElo "2280"]
[BlackElo "2272"]
[PlyCount "70"]
[EventDate "2013.??.??"]
[WhiteTeam "Dänemark 1"]
[BlackTeam "Rußland Frauen"]

1. d4 Nf6 2. c4 e6 3. Nc3 Bb4 4. e3 O-O 5. Nge2 d5 6. a3 Be7 7. cxd5 exd5 8. g3
Bg4 9. Bg2 Qd7 10. h3 Bxe2 11. Qxe2 a5 12. O-O a4 13. Bd2 Nc6 14. Rad1 Na5 15.
e4 dxe4 16. Nxe4 Nxe4 17. Qxe4 c6 18. Bc3 Bf6 19. Qc2 Nb3 20. d5 c5 21. Bxf6
gxf6 22. d6 Ra6 23. Qc4 Rxd6 24. Rxd6 Qxd6 25. Qxa4 Nd4 26. Qd1 f5 27. Re1 Qd7
28. Qd3 f6 29. Kh2 Qd6 30. Qd1 Kf7 31. Qd3 Kg7 32. b4 b6 33. bxc5 f4 34. Re4
Rb8 35. Kh1 Rb7 1/2-1/2

[Event "?"]
[Site "?"]
[Date "????.??.??"]
[Round "?"]
[White "Saunina, L."]
[Black "Rosenlund, T."]
[Result "1/2-1/2"]
[WhiteElo "2208"]
[BlackElo "2263"]
[PlyCount "116"]
[EventDate "2013.??.??"]
[WhiteTeam "Rußland Frauen"]
[BlackTeam "Dänemark 1"]

1. e4 c5 2. Nf3 e6 3. d4 cxd4 4. Nxd4 Nf6 5. Bd3 Nc6 6. Nxc6 bxc6 7. c4 d5 8.
Nd2 Be7 9. O-O Qb6 10. Qe2 dxe4 11. Nxe4 Bb7 12. Bf4 c5 13. Be5 Nxe4 14. Bxe4
Bf6 15. Bxb7 Qxb7 16. Rad1 Bxe5 17. Qxe5 O-O 18. b3 Rac8 19. Rd6 a5 20. Rfd1 a4
21. R1d3 Rc6 22. Rg3 g6 23. h4 Qc7 24. Rgd3 axb3 25. axb3 h5 26. f4 Rxd6 27.
Rxd6 Rc8 28. Rd3 Kf8 29. Qh8+ Ke7 30. Qh6 Qa5 31. Qg5+ Ke8 32. Qe5 Qc7 33. Qh8+
Ke7 34. Qh6 Rd8 35. Qg5+ f6 36. Qxg6 Rxd3 37. Qh7+ Kd8 38. Qxd3+ Kc8 39. Qe4
Qd6 40. Kh2 Kc7 41. Qh7+ Kb6 42. Qxh5 Qxf4+ 43. Kh3 e5 44. Qf3 Qh6 45. g3 Qg7
46. h5 Qd7+ 47. g4 Qg7 48. Qe3 Kc6 49. Qe4+ Kb6 50. Qg6 Qe7 51. h6 e4 52. h7
Qe5 53. Qg7 Qa1 54. Kg3 Qe5+ 55. Kg2 Qb2+ 56. Kh3 Qa1 57. Kg2 Qb2+ 58. Kh3 Qa1
1/2-1/2

[Event "?"]
[Site "?"]
[Date "????.??.??"]
[Round "?"]
[White "Sorensen, B."]
[Black "Titorenko, N."]
[Result "1-0"]
[WhiteElo "2256"]
[BlackElo "2164"]
[PlyCount "102"]
[EventDate "2013.??.??"]
[WhiteTeam "Dänemark 1"]
[BlackTeam "Rußland Frauen"]

1. Nf3 d6 2. d4 Bg4 3. c4 Nf6 4. Nc3 Nbd7 5. e3 e6 6. Be2 Be7 7. O-O a5 8. e4
O-O 9. Be3 c6 10. Nd2 Bxe2 11. Qxe2 Ne8 12. f4 f5 13. d5 exd5 14. cxd5 fxe4 15.
Ndxe4 Nb6 16. Ng5 Bxg5 17. fxg5 Rxf1+ 18. Rxf1 Nxd5 19. Nxd5 cxd5 20. Qf3 Qe7
21. Qxd5+ Kh8 22. Bd2 Nc7 23. Qf7 Qxf7 24. Rxf7 Ne6 25. Re7 Nd4 26. Bc3 Nb5 27.
Bxg7+ Kg8 28. Rxb7 Ra7 29. Rxb5 Kxg7 30. Kf2 Rc7 31. h4 Kg6 32. Kg3 Rc2 33. Kh3
Rd2 34. Rxa5 Rxb2 35. Rd5 Rb6 36. a4 Kf7 37. Rb5 Ra6 38. a5 Ke6 39. Kg4 Ra7 40.
Kh5 d5 41. g6 hxg6+ 42. Kxg6 Ra8 43. g4 d4 44. g5 d3 45. Rb1 Ke5 46. Rd1 Ke4
47. h5 Ra6+ 48. Kh7 Rxa5 49. Kh6 Ra7 50. g6 Ra8 51. Kg5 Rf8 1-0

[Event "?"]
[Site "?"]
[Date "????.??.??"]
[Round "?"]
[White "Wuttke, H."]
[Black "Uhlmann, W."]
[Result "1/2-1/2"]
[WhiteElo "2171"]
[BlackElo "2340"]
[PlyCount "69"]
[EventDate "2013.??.??"]
[WhiteTeam "Brandenburg"]
[BlackTeam "Deutschland A"]

1. c4 Nf6 2. g3 g6 3. Bg2 c5 4. Nf3 Bg7 5. O-O Nc6 6. Nc3 d6 7. d4 cxd4 8. Nxd4
Bd7 9. e3 Qc8 10. Re1 Nxd4 11. Qxd4 O-O 12. Qd3 Re8 13. Bd2 Bh3 14. Bh1 Nd7 15.
b3 Ne5 16. Qe2 Rb8 17. Rac1 h5 18. Nd5 Bd7 19. Bc3 e6 20. Nb4 Bc6 21. Nxc6 Nxc6
22. Bxg7 Kxg7 23. Red1 Qc7 24. Qb2+ Kg8 25. Rd2 Rbd8 26. Rcd1 Rd7 27. Bf3 Ne5
28. Qxe5 dxe5 29. Rxd7 Qa5 30. Bxb7 h4 31. g4 Rb8 32. Bc6 Qxa2 33. Ba4 Qc2 34.
R1d2 Qb1+ 35. Rd1 1/2-1/2

[Event "?"]
[Site "?"]
[Date "????.??.??"]
[Round "?"]
[White "Schulze, U."]
[Black "Walter, G."]
[Result "0-1"]
[WhiteElo "2316"]
[BlackElo "2233"]
[PlyCount "94"]
[EventDate "2013.??.??"]
[WhiteTeam "Deutschland A"]
[BlackTeam "Brandenburg"]

1. d4 Nf6 2. Nf3 d6 3. g3 Nbd7 4. Bg2 e5 5. c4 Be7 6. Nc3 O-O 7. O-O c6 8. Qc2
Qc7 9. h3 Re8 10. e4 b5 11. dxe5 dxe5 12. Be3 b4 13. Na4 c5 14. a3 Bb7 15. Nh4
a5 16. Nf5 Bf8 17. Bg5 h6 18. Bxf6 Nxf6 19. Ne3 Red8 20. Nd5 Nxd5 21. exd5 Bd6
22. b3 Bc8 23. Nb2 Bd7 24. Nd3 f5 25. axb4 axb4 26. Rxa8 Rxa8 27. Nxe5 Bxe5 28.
d6 Qb8 29. Qe2 Bf6 30. Bxa8 Qxa8 31. Qe3 Qc6 32. Rd1 Bd4 33. Qe7 Bf6 34. Qe3
Bd4 35. Qe7 f4 36. g4 Bf6 37. Qe2 h5 38. Rd5 hxg4 39. hxg4 g5 40. Qe4 Kg7 41.
Qh1 Qc8 42. Qh5 Bxg4 43. Rxg5+ Bxg5 44. Qxg5+ Kf7 45. f3 Bf5 46. Qxf4 Ke8 47.
Kf2 Kf8 0-1

[Event "?"]
[Site "?"]
[Date "????.??.??"]
[Round "?"]
[White "Grottke, H."]
[Black "Haakert, J."]
[Result "1/2-1/2"]
[WhiteElo "2220"]
[BlackElo "2385"]
[PlyCount "103"]
[EventDate "2013.??.??"]
[WhiteTeam "Brandenburg"]
[BlackTeam "Deutschland A"]

1. e4 e6 2. d4 d5 3. Nc3 Nf6 4. e5 Nfd7 5. f4 c5 6. Nf3 Nc6 7. Be3 Be7 8. Qd2
O-O 9. Be2 b6 10. O-O f5 11. exf6 Nxf6 12. Rad1 Bb7 13. Kh1 Qd7 14. Ne5 Qd6 15.
Nxc6 Qxc6 16. Bf3 Rad8 17. Qe2 Kh8 18. Rfe1 Ne4 19. Bxe4 dxe4 20. dxc5 bxc5 21.
Qb5 Qb6 22. Qxb6 axb6 23. Na4 Rxd1 24. Rxd1 Bd8 25. c4 Bc6 26. Nc3 Bc7 27. Nb5
Bb8 28. a4 h5 29. Kg1 Bxf4 30. Bxf4 Rxf4 31. Rf1 e5 32. Re1 e3 33. Rxe3 Rxc4
34. Rxe5 Rxa4 35. Rxh5+ Kg8 36. Nc3 Rb4 37. Nd1 Be4 38. Nc3 Bc6 39. Nd1 Kf7 40.
Rf5+ Ke6 41. Rf2 Re4 42. Nc3 Re1+ 43. Rf1 Rxf1+ 44. Kxf1 Ke5 45. g3 Kd4 46. Ke2
b5 47. Kd2 b4 48. Ne2+ Ke4 49. Nf4 c4 50. h4 Bd7 51. Nh5 Kf5 52. Ke3 1/2-1/2

[Event "?"]
[Site "?"]
[Date "????.??.??"]
[Round "?"]
[White "Ackermann, H."]
[Black "Urban, H."]
[Result "1-0"]
[WhiteElo "2308"]
[BlackElo "2133"]
[PlyCount "139"]
[EventDate "2013.??.??"]
[WhiteTeam "Deutschland A"]
[BlackTeam "Brandenburg"]

1. b3 e5 2. Bb2 Nc6 3. e3 d6 4. Nf3 Nf6 5. Be2 Be7 6. d3 O-O 7. c4 Re8 8. O-O
Bf8 9. d4 e4 10. Nfd2 Ne7 11. d5 Ng6 12. Qc2 Bf5 13. Nc3 Qd7 14. Rac1 Nh4 15.
Qd1 Bh3 16. g3 Qf5 17. Nb5 Re7 18. Bxf6 Qxf6 19. Re1 Ng2 20. Bf1 Nxe1 21. Bxh3
Nf3+ 22. Nxf3 Qxf3 23. Qxf3 exf3 24. Nd4 g6 25. Nxf3 Bg7 26. Ne1 f5 27. Nd3 Be5
28. Rc2 a5 29. a4 b6 30. Ne1 Kg7 31. Nf3 Bf6 32. Nd2 Rf8 33. Bf1 Ba1 34. Bd3 h6
35. Kg2 g5 36. Nf3 Be5 37. h3 Kf6 38. Rc1 f4 39. exf4 gxf4 40. g4 Rg7 41. Bf5
h5 42. Be6 hxg4 43. hxg4 Rh8 44. Re1 Re8 45. Rh1 Ke7 46. Bf5 Reg8 47. Rh6 Bb2
48. Kf1 Rxg4 49. Bxg4 Rxg4 50. Ke2 Kd7 51. Rh4 Rg7 52. Rxf4 c6 53. Kd3 c5 54.
Rf5 Bc1 55. Rf8 Rh7 56. Ra8 Rh1 57. Ra7+ Kc8 58. Rf7 Bb2 59. Kc2 Bd4 60. Nd2
Rh2 61. Ne4 Be5 62. Kd3 Rh3+ 63. f3 Rh4 64. Ng5 Rh2 65. f4 Ba1 66. Ke4 Re2+ 67.
Kf5 Re3 68. Ne4 Rxb3 69. Nxd6+ Kb8 70. Ke6 1-0

[Event "?"]
[Site "?"]
[Date "????.??.??"]
[Round "?"]
[White "Faibisovich, V."]
[Black "Rooze, J."]
[Result "0-1"]
[WhiteElo "2348"]
[BlackElo "2386"]
[PlyCount "80"]
[EventDate "2013.??.??"]
[WhiteTeam "Sankt Petersburg"]
[BlackTeam "Belgien 1"]

1. e4 c5 2. Nf3 e6 3. d4 cxd4 4. Nxd4 a6 5. Nc3 Qc7 6. Bd3 Nf6 7. O-O d6 8. Be3
Be7 9. Qe2 Nbd7 10. a4 b6 11. f4 Bb7 12. f5 e5 13. Nb3 O-O 14. g4 d5 15. exd5
Nxd5 16. Nxd5 Bxd5 17. Nd2 Nc5 18. Bc4 Bb7 19. b3 Kh8 20. g5 Rad8 21. h4 Rd7
22. Kh2 Qc6 23. Rg1 Bd6 24. g6 fxg6 25. fxg6 e4+ 26. Kh1 Rf3 27. Rg4 Be5 28.
Rf1 hxg6 29. Kg1 Rd8 30. Nxf3 exf3 31. Qf2 Rf8 32. Bd3 Nxd3 33. cxd3 Qe6 34.
Rg5 Rf5 35. Rg4 Rh5 36. Rc4 b5 37. axb5 axb5 38. Rb4 Bd6 39. Rd4 Be5 40. Rb4
Qh3 0-1

[Event "?"]
[Site "?"]
[Date "????.??.??"]
[Round "?"]
[White "Roofthoofd, Marcel"]
[Black "Karasev, Vladimir I"]
[Result "1/2-1/2"]
[WhiteElo "2196"]
[BlackElo "2358"]
[PlyCount "126"]
[EventDate "2013.??.??"]
[WhiteTeam "Belgien 1"]
[BlackTeam "Sankt Petersburg"]

1. e4 c5 2. Nf3 e6 3. d4 cxd4 4. Nxd4 Qb6 5. Nb3 Qc7 6. Bd3 Nf6 7. c4 b6 8. Qe2
d6 9. Bg5 Nbd7 10. f4 Bb7 11. O-O h6 12. Bh4 Be7 13. Kh1 g5 14. Bg3 gxf4 15.
Bxf4 Nc5 16. N1d2 Nfd7 17. Nf3 Nxd3 18. Qxd3 O-O-O 19. a4 e5 20. Bg3 f5 21.
Nfd2 Nc5 22. Nxc5 dxc5 23. Qe2 f4 24. Bf2 Rxd2 25. Qxd2 Bxe4 26. Qe2 Bc6 27.
Qg4+ Kb8 28. Qg7 Re8 29. Be1 Bd6 30. Qg6 e4 31. Rd1 Be5 32. Rd5 e3 33. Bc3 Bxc3
34. bxc3 Re7 35. Qxh6 Bxd5 36. cxd5 e2 37. Re1 Qe5 38. c4 Re8 39. h3 f3 40. Qh4
fxg2+ 41. Kxg2 Rg8+ 42. Kf2 Rf8+ 43. Kg2 Kb7 44. Qg4 Re8 45. a5 Qe4+ 46. Kg3
Kc7 47. axb6+ axb6 48. Qxe4 Rxe4 49. h4 Kd6 50. h5 Rxc4 51. h6 Ra4 52. Rxe2
Kxd5 53. h7 Ra8 54. Rh2 Rh8 55. Kf3 Kd4 56. Ke2 Kc3 57. Kd1 c4 58. Kc1 b5 59.
Rh3+ Kb4 60. Kc2 Ka4 61. Kc3 b4+ 62. Kxc4 b3 63. Kc3 Kb5 1/2-1/2

[Event "?"]
[Site "?"]
[Date "????.??.??"]
[Round "?"]
[White "Shushpanov, Vladimir"]
[Black "Maes, Valeer"]
[Result "1/2-1/2"]
[WhiteElo "2308"]
[BlackElo "2182"]
[PlyCount "125"]
[EventDate "2013.??.??"]
[WhiteTeam "Sankt Petersburg"]
[BlackTeam "Belgien 1"]

1. e4 d5 2. exd5 Qxd5 3. d4 Nf6 4. Nf3 c6 5. Be2 Bg4 6. h3 Bh5 7. Bf4 e6 8.
Nbd2 Be7 9. c4 Qd8 10. Qb3 Qc8 11. O-O Nbd7 12. Rad1 O-O 13. Rfe1 Re8 14. Nb1
Bd8 15. Nc3 Bc7 16. Bg5 h6 17. Bh4 Bg6 18. d5 exd5 19. cxd5 Nxd5 20. Nxd5 cxd5
21. Rxd5 Nb6 22. Rd4 Qe6 23. Qc3 Be5 24. Nxe5 Qxe5 25. Bg3 Qf6 26. Qd2 Rad8 27.
Rxd8 Rxd8 28. Qb4 Qd4 29. Qxd4 Rxd4 30. Bf3 Rd2 31. Re8+ Kh7 32. Re2 Rd7 33.
Be5 Nc4 34. Bc3 b6 35. b3 Rd1+ 36. Kh2 Rc1 37. Bb4 Na5 38. Bxa5 bxa5 39. Re5 a4
40. bxa4 Rc7 41. Kg3 f6 42. Rb5 Bd3 43. Rb3 Bc2 44. Rb4 g5 45. a5 Bd3 46. Be4+
Bxe4 47. Rxe4 Kg6 48. Re6 Kf5 49. Ra6 h5 50. h4 g4 51. f3 gxf3 52. gxf3 Rg7+
53. Kf2 Re7 54. Rc6 Re5 55. Ra6 Re7 56. a3 Rc7 57. Ke3 Rc3+ 58. Ke2 Rc7 59. Kd3
Ke5 60. a4 f5 61. Rh6 Rc5 62. Ra6 Rc7 63. Rh6 1/2-1/2

[Event "?"]
[Site "?"]
[Date "????.??.??"]
[Round "?"]
[White "Donchenko, A."]
[Black "Burnett, J."]
[Result "1-0"]
[WhiteElo "2353"]
[BlackElo "2117"]
[PlyCount "47"]
[EventDate "2013.??.??"]
[WhiteTeam "Hessen 1"]
[BlackTeam "England 2"]

1. c4 e6 2. d4 d5 3. Nf3 c6 4. Nbd2 Nf6 5. Qc2 Nbd7 6. g3 b6 7. Bg2 Bb7 8. O-O
Be7 9. e4 dxe4 10. Nxe4 c5 11. Nxf6+ Nxf6 12. dxc5 Bxc5 13. Ne5 Bxg2 14. Qa4+
Kf8 15. Kxg2 Qc7 16. Bf4 Qb7+ 17. Kg1 a6 18. Rad1 b5 19. Qb3 h6 20. Rd2 g6 21.
Rfd1 Kg7 22. Nd7 Nxd7 23. Rxd7 Qe4 24. Qc3+ 1-0

[Event "?"]
[Site "?"]
[Date "????.??.??"]
[Round "?"]
[White "Macdonald-Ross, M."]
[Black "Klundt, K."]
[Result "0-1"]
[WhiteElo "2136"]
[BlackElo "2338"]
[PlyCount "52"]
[EventDate "2013.??.??"]
[WhiteTeam "England 2"]
[BlackTeam "Hessen 1"]

1. d4 Nf6 2. Nf3 d5 3. e3 e6 4. Bd3 c5 5. b3 Nc6 6. Bb2 Be7 7. O-O O-O 8. Nbd2
b6 9. a3 Bb7 10. Qe2 Qc7 11. Rad1 a5 12. dxc5 bxc5 13. Bb5 Rfd8 14. Rfe1 Bd6
15. c4 d4 16. Nf1 e5 17. e4 Na7 18. Ng3 Nxb5 19. cxb5 a4 20. Nd2 axb3 21. Nc4
Bc8 22. Bc1 Be6 23. Bg5 Be7 24. Rd2 Ra7 25. Rc1 h6 26. b6 Qb7 0-1

[Event "?"]
[Site "?"]
[Date "????.??.??"]
[Round "?"]
[White "Isserman, R."]
[Black "Quinn, J."]
[Result "1/2-1/2"]
[WhiteElo "2331"]
[BlackElo "2103"]
[PlyCount "45"]
[EventDate "2013.??.??"]
[WhiteTeam "Hessen 1"]
[BlackTeam "England 2"]

1. e4 c5 2. Nf3 e6 3. Nc3 a6 4. g3 b5 5. Bg2 Bb7 6. Qe2 Nc6 7. d3 Nd4 8. Nxd4
cxd4 9. Nd1 Rc8 10. c3 Bc5 11. O-O Ne7 12. b4 Ba7 13. Bb2 Nc6 14. Qd2 dxc3 15.
Nxc3 Nd4 16. Kh1 O-O 17. Rac1 Qe7 18. Nb1 f5 19. Rxc8 Rxc8 20. Bxd4 Bxd4 21.
exf5 Bxg2+ 22. Kxg2 exf5 23. Rc1 1/2-1/2

[Event "?"]
[Site "?"]
[Date "????.??.??"]
[Round "?"]
[White "Rosen, W."]
[Black "Beltz, R."]
[Result "1/2-1/2"]
[WhiteElo "2290"]
[BlackElo "2152"]
[PlyCount "167"]
[EventDate "2013.??.??"]
[WhiteTeam "SF Katernberg"]
[BlackTeam "SF Leipzig"]

1. e4 c5 2. Nf3 d6 3. d4 cxd4 4. Nxd4 Nf6 5. Nc3 g6 6. Be2 Bg7 7. O-O O-O 8.
Re1 Bd7 9. Bf1 Nc6 10. Nb3 h6 11. Nd5 Kh7 12. c3 Rc8 13. Qd2 Ne8 14. f4 Na5 15.
Nxa5 Qxa5 16. b4 Qd8 17. Bb2 e6 18. Ne3 Bc6 19. Bd3 Nf6 20. Qc2 b5 21. a4 a6
22. axb5 axb5 23. Ra5 Qb6 24. Kh1 Rfd8 25. Nd1 d5 26. e5 Nh5 27. Bc1 Bf8 28.
Qe2 d4 29. f5 Ng7 30. fxg6+ fxg6 31. Bd2 Qb7 32. Bxb5 dxc3 33. Bxc3 Rc7 34.
Bxc6 Qxc6 35. Ra6 Qb7 36. Ra3 Rdc8 37. Rb3 Qd5 38. Qb2 Nf5 39. b5 Nd4 40. Bxd4
Rc2 41. Bf2 Rxb2 42. Rxb2 Rc1 43. Ne3 Rxe1+ 44. Bxe1 Qxe5 45. Rb3 Bd6 46. Kg1
Qxh2+ 47. Kf1 Qh1+ 48. Ke2 Qh5+ 49. Kd3 g5 50. b6 Qg6+ 51. Ke2 Qe4 52. b7 Bb8
53. Rb4 Qe5 54. Kd3 Ba7 55. Bd2 h5 56. Nc4 Qd5+ 57. Kc3 Bb8 58. Kb3 Qxg2 59.
Bc3 Qd5 60. Ka4 Qc6+ 61. Kb3 Qf3 62. Kc2 Qe2+ 63. Kb3 Qd3 64. Kb2 Qe2+ 65. Kb3
g4 66. Be5 Qd3+ 67. Kb2 Qxc4 68. Rxc4 Bxe5+ 69. Kc2 g3 70. Kd3 g2 71. Rc1 h4
72. Ke4 Bb8 73. Kf3 h3 74. Kf2 Kg6 75. Ra1 Bh2 76. Kf3 Be5 77. Re1 Kf6 78. Rxe5
g1=Q 79. b8=Q Qg2+ 80. Ke3 Qg3+ 81. Kd2 Qf4+ 82. Kd3 Qg3+ 83. Kd4 Qf4+ 84. Kd3
1/2-1/2

[Event "?"]
[Site "?"]
[Date "????.??.??"]
[Round "?"]
[White "Prüfer, F."]
[Black "Mueller-Clostermann, B."]
[Result "1-0"]
[WhiteElo "2155"]
[BlackElo "2165"]
[PlyCount "69"]
[EventDate "2013.??.??"]
[WhiteTeam "SF Leipzig"]
[BlackTeam "SF Katernberg"]

1. d4 d6 2. e4 e5 3. Nf3 exd4 4. Nxd4 Nf6 5. Nc3 Be7 6. Be2 O-O 7. O-O c5 8.
Nf3 Nc6 9. h3 Re8 10. Re1 a6 11. a4 h6 12. Bc4 Bf8 13. Bf4 Be6 14. Nd5 Bxd5 15.
exd5 Rxe1+ 16. Nxe1 Ne7 17. Nf3 Qd7 18. Qd3 Ng6 19. Bh2 Re8 20. Bb3 Nh5 21. Re1
Nhf4 22. Qd2 Rxe1+ 23. Nxe1 Qf5 24. c4 Qg5 25. Qe3 Be7 26. Qe2 f5 27. Bxf4 Nxf4
28. h4 Qxh4 29. g3 Nh3+ 30. Kg2 Qg4 31. Qxe7 Nf4+ 32. Kf1 Ng6 33. Qe6+ Kh8 34.
Qc8+ Kh7 35. Qxf5 1-0

[Event "?"]
[Site "?"]
[Date "????.??.??"]
[Round "?"]
[White "Krueger, E."]
[Black "Weber, B."]
[Result "0-1"]
[WhiteElo "2193"]
[BlackElo "2155"]
[PlyCount "112"]
[EventDate "2013.??.??"]
[WhiteTeam "SF Katernberg"]
[BlackTeam "SF Leipzig"]

1. d4 Nf6 2. c4 e6 3. Nc3 Bb4 4. e3 O-O 5. Nge2 d5 6. a3 Be7 7. Nf4 c6 8. Be2
Nbd7 9. cxd5 exd5 10. O-O Bd6 11. g3 Re8 12. f3 Nf8 13. Bd2 Ng6 14. Ng2 Bh3 15.
Rf2 a6 16. b4 Qc7 17. f4 Qd7 18. Na4 Ne4 19. Nb6 Nxf2 20. Kxf2 Qc7 21. Nxa8
Rxa8 22. Bd3 Qd7 23. Qc2 f5 24. Ne1 Bg4 25. Nf3 Bxf3 26. Bxf5 Be4 27. Qxe4 dxe4
28. Bxd7 Kf7 29. Bf5 Re8 30. Bc3 Nf8 31. h4 g6 32. Bh3 Ne6 33. g4 Nc7 34. g5
Nd5 35. Bb2 Ne7 36. Rd1 Nf5 37. h5 Ke6 38. hxg6 hxg6 39. Bg4 Kd5 40. Bxf5 gxf5
41. Rh1 Kc4 42. Rh6 Kb3 43. Rxd6 Kxb2 44. a4 Kb3 45. b5 cxb5 46. axb5 a5 47. b6
a4 48. Rd7 Re6 49. Rxb7 a3 50. Kg3 a2 51. Ra7 Rxb6 52. Kh4 Kb2 53. Kh5 Rb3 54.
g6 Rxe3 55. Kg5 Ra3 56. Rb7+ Kc2 0-1

[Event "?"]
[Site "?"]
[Date "????.??.??"]
[Round "?"]
[White "Liebert, H."]
[Black "Hammar, B."]
[Result "1-0"]
[WhiteElo "2224"]
[BlackElo "2284"]
[PlyCount "79"]
[EventDate "2013.??.??"]
[WhiteTeam "Sachsen-Anhalt"]
[BlackTeam "Schweden 1"]

1. c4 e5 2. Nc3 d6 3. d4 Nd7 4. Nf3 Ngf6 5. g3 g6 6. Bg2 Bg7 7. O-O O-O 8. b3
Re8 9. Qc2 c6 10. Rd1 Qa5 11. d5 c5 12. e4 Nh5 13. Bb2 a6 14. a4 Rf8 15. Nb5
axb5 16. axb5 Qc7 17. Rxa8 Nb6 18. Raa1 f5 19. exf5 Bxf5 20. Qe2 Qe7 21. Nd2
Nf6 22. f3 h5 23. Rf1 h4 24. g4 Bc8 25. Ne4 Nbd7 26. h3 Bh6 27. f4 Nxe4 28.
Qxe4 Bxf4 29. Qxg6+ Kh8 30. Ra8 Nb6 31. Rb8 Rf6 32. Qh5+ Kg7 33. Qxh4 Qc7 34.
g5 Be3+ 35. Kh2 Rxf1 36. Bxf1 Qe7 37. Bd3 Qxg5 38. Qxg5+ Bxg5 39. Bc3 Bd8 40.
Ba5 1-0

[Event "?"]
[Site "?"]
[Date "????.??.??"]
[Round "?"]
[White "Wahlbom, M."]
[Black "Neukirch, D."]
[Result "1/2-1/2"]
[WhiteElo "2284"]
[BlackElo "2247"]
[PlyCount "62"]
[EventDate "2013.??.??"]
[WhiteTeam "Schweden 1"]
[BlackTeam "Sachsen-Anhalt"]

1. e4 c5 2. Nf3 e6 3. d4 cxd4 4. Nxd4 a6 5. Bd3 Bc5 6. Nb3 Ba7 7. Qe2 Nc6 8.
O-O d6 9. Be3 e5 10. Bxa7 Rxa7 11. Nc3 Nge7 12. Qe3 Ra8 13. Rad1 O-O 14. Be2
Qc7 15. Qd2 Rd8 16. Kh1 b5 17. f4 exf4 18. Qxf4 Ng6 19. Qg3 Be6 20. Nd5 Qa7 21.
c3 Bxd5 22. Rxd5 Qe7 23. Nd4 Nxd4 24. Rxd4 f6 25. h3 Rab8 26. Rfd1 Rb6 27. R1d2
Rb7 28. Bd1 h6 29. Bb3+ Kh7 30. Bd5 Nf8 31. Rf2 Qe5 1/2-1/2

[Event "?"]
[Site "?"]
[Date "????.??.??"]
[Round "?"]
[White "Hamm, G."]
[Black "Malmdin, N."]
[Result "0-1"]
[WhiteElo "2109"]
[BlackElo "2239"]
[PlyCount "72"]
[EventDate "2013.??.??"]
[WhiteTeam "Sachsen-Anhalt"]
[BlackTeam "Schweden 1"]

1. Nf3 c5 2. g3 b6 3. Bg2 Bb7 4. d3 g6 5. e4 Bg7 6. O-O d6 7. Nc3 Nc6 8. Bf4 a6
9. Re1 e5 10. Bg5 f6 11. Bd2 Nh6 12. Nd5 Nf7 13. c3 O-O 14. Rc1 Rb8 15. b4 Ne7
16. c4 Nxd5 17. cxd5 f5 18. Bh3 Bc8 19. Nh4 f4 20. Bxc8 Rxc8 21. bxc5 dxc5 22.
Qg4 Nh6 23. Qe6+ Kh8 24. Bc3 Rf6 25. Qxe5 Nf7 26. Qxf6 Bxf6 27. e5 Bg7 28. e6
Bxc3 29. Rxc3 Nd6 30. Nf3 Qf6 31. d4 cxd4 32. Rc6 Rxc6 33. dxc6 fxg3 34. e7
Qxf3 35. e8=Q+ Nxe8 36. Rxe8+ Kg7 0-1

[Event "?"]
[Site "?"]
[Date "????.??.??"]
[Round "?"]
[White "Svensson, Leif"]
[Black "Breitfeld, Joachim"]
[Result "1-0"]
[WhiteElo "2114"]
[BlackElo "2011"]
[PlyCount "101"]
[EventDate "2013.??.??"]
[WhiteTeam "Schweden 1"]
[BlackTeam "Sachsen-Anhalt"]

1. d4 Nf6 2. Nc3 d5 3. Bg5 c6 4. Nf3 h6 5. Bf4 Bf5 6. e3 e6 7. Bd3 Bb4 8. Bxf5
Bxc3+ 9. bxc3 exf5 10. Qd3 Qa5 11. O-O Nbd7 12. c4 dxc4 13. Qxc4 O-O 14. Qb3
Nb6 15. Bd6 Rfe8 16. c4 Qa4 17. Rfc1 Ne4 18. Be5 f6 19. Bc7 Qxb3 20. axb3 Kf7
21. h3 g5 22. Ne1 f4 23. exf4 Rac8 24. Bxb6 axb6 25. fxg5 hxg5 26. Nf3 Ra8 27.
Re1 Nd6 28. Kf1 Rxe1+ 29. Rxe1 Ra2 30. g4 Rb2 31. Re3 b5 32. c5 Nc8 33. h4 gxh4
34. Nxh4 Ne7 35. f4 Rd2 36. Ke1 Rh2 37. Nf3 Rb2 38. Nd2 Nd5 39. Rf3 b6 40. cxb6
Nxb6 41. g5 Nd5 42. Kd1 Ra2 43. Ne4 f5 44. Nc5 b4 45. Nd3 Ke6 46. Rh3 Nc3+ 47.
Ke1 Ra1+ 48. Kf2 Nd1+ 49. Ke2 Kd5 50. Nxb4+ Kxd4 51. Nc2+ 1-0

[Event "?"]
[Site "?"]
[Date "????.??.??"]
[Round "?"]
[White "Weidlich, G."]
[Black "Watzka, H."]
[Result "1/2-1/2"]
[WhiteElo "2281"]
[BlackElo "2273"]
[PlyCount "20"]
[EventDate "2013.??.??"]
[WhiteTeam "Deutschland B"]
[BlackTeam "Steiermark"]

1. d4 Nf6 2. c4 d6 3. Nc3 g6 4. e4 Bg7 5. Nf3 Bg4 6. Be2 O-O 7. O-O Nbd7 8. Be3
a6 9. Qd2 c6 10. a4 a5 1/2-1/2

[Event "?"]
[Site "?"]
[Date "????.??.??"]
[Round "?"]
[White "Nickl, K."]
[Black "Lenk, W."]
[Result "1/2-1/2"]
[WhiteElo "2101"]
[BlackElo "2203"]
[PlyCount "43"]
[EventDate "2013.??.??"]
[WhiteTeam "Steiermark"]
[BlackTeam "Deutschland B"]

1. d4 g6 2. Nf3 Bg7 3. Bf4 Nf6 4. e3 d6 5. h3 O-O 6. Be2 c5 7. c3 Qb6 8. Qb3
Qc6 9. Nbd2 Bf5 10. O-O Qc7 11. dxc5 Qxc5 12. Qxb7 Nbd7 13. Nb3 Qd5 14. Qxd5
Nxd5 15. g4 Nxf4 16. exf4 Be6 17. Nbd4 Bd5 18. b3 Rac8 19. Rac1 Nc5 20. Rfd1
Bb7 21. c4 a6 22. Bd3 1/2-1/2

[Event "?"]
[Site "?"]
[Date "????.??.??"]
[Round "?"]
[White "Knaak, J."]
[Black "Kratschmer, H."]
[Result "1-0"]
[WhiteElo "2197"]
[BlackElo "2139"]
[PlyCount "43"]
[EventDate "2013.??.??"]
[WhiteTeam "Deutschland B"]
[BlackTeam "Steiermark"]

1. d4 Nf6 2. c4 g6 3. Nc3 d5 4. cxd5 Nxd5 5. e4 Nxc3 6. bxc3 Bg7 7. Nf3 c5 8.
Rb1 O-O 9. Be2 cxd4 10. cxd4 Qa5+ 11. Bd2 Qxa2 12. O-O Qe6 13. Bd3 b6 14. Qa4
Qc6 15. Qa3 Qb7 16. Rfc1 Nc6 17. d5 Ne5 18. Nxe5 Bxe5 19. Bb5 Rb8 20. Bb4 Bf6
21. Bc6 Qc7 22. d6 1-0

[Event "?"]
[Site "?"]
[Date "????.??.??"]
[Round "?"]
[White "Pitzl, K."]
[Black "Escher, H."]
[Result "1-0"]
[WhiteElo "2055"]
[BlackElo "2120"]
[PlyCount "65"]
[EventDate "2013.??.??"]
[WhiteTeam "Steiermark"]
[BlackTeam "Deutschland B"]

1. Nf3 Nf6 2. g3 g6 3. Bg2 Bg7 4. O-O O-O 5. d3 d6 6. Nbd2 c6 7. e4 e5 8. Nc4
Be6 9. Ne3 Ng4 10. Nxg4 Bxg4 11. h3 Be6 12. Ng5 Qe7 13. Nxe6 Qxe6 14. f4 exf4
15. gxf4 f5 16. c3 Nd7 17. Qc2 Rae8 18. Bd2 a6 19. b4 Kh8 20. Rae1 c5 21. bxc5
Nxc5 22. e5 d5 23. Be3 Rc8 24. a4 Rf7 25. Rb1 Rfc7 26. Bd4 Qd7 27. Qa2 Nxa4 28.
e6 Qe8 29. Bxg7+ Kxg7 30. Qxd5 Kh6 31. Qe5 Nxc3 32. Rxb7 Qe7 33. Qxc3 1-0

[Event "?"]
[Site "?"]
[Date "????.??.??"]
[Round "?"]
[White "Gneiss, K."]
[Black "Danner, G."]
[Result "1/2-1/2"]
[WhiteElo "2134"]
[BlackElo "2315"]
[PlyCount "69"]
[EventDate "2013.??.??"]
[WhiteTeam "Salzburg"]
[BlackTeam "Österreich"]

1. c4 c5 2. Nf3 Nc6 3. Nc3 g6 4. g3 Bg7 5. Bg2 a6 6. O-O Rb8 7. Qa4 d6 8. Re1
Bd7 9. d3 Nh6 10. Bd2 O-O 11. Qc2 b5 12. a3 Nf5 13. e3 h5 14. Ne2 bxc4 15. Qxc4
Na5 16. Bxa5 Qxa5 17. b4 Qb5 18. Rab1 Qxc4 19. dxc4 Be6 20. Rec1 cxb4 21. axb4
Rfc8 22. Nd2 Rb6 23. Nf4 Rcb8 24. Nxe6 fxe6 25. c5 dxc5 26. bxc5 Rxb1 27. Nxb1
Bb2 28. Rc2 Be5 29. Nc3 a5 30. c6 Bc7 31. Bf1 Nd6 32. e4 Rb4 33. e5 Nf5 34. Nb5
Nd4 35. Nxd4 1/2-1/2